La coscienza cristiana a sostegno del diritto alla vita
محفوظ في:
| مؤلف مشترك: | |
|---|---|
| التنسيق: | كتاب |
| اللغة: | الإيطالية |
| منشور في: |
Ciudad del Vaticano
Libreria Editrice Vaticana
2008
|
| الموضوعات: | |
| الوسوم: |
إضافة وسم
لا توجد وسوم, كن أول من يضع وسما على هذه التسجيلة!
|
MARC
| LEADER | 00000nam a2200000 a 4500 | ||
|---|---|---|---|
| 001 | UCG0622 | ||
| 003 | CL-VaPUC | ||
| 008 | 100401e20080000VC |||||||||||||||||ita|d | ||
| 020 | |a 9788820979560 | ||
| 082 | 0 | 4 | |a 262.9 |b PON |2 21 |
| 110 | 2 | |a Pontificia Academia Pro Vita |e author |9 548069 | |
| 245 | 1 | 3 | |a La coscienza cristiana a sostegno del diritto alla vita |
| 300 | |a 262 p | ||
| 942 | |c BK | ||
| 945 | |d 20100401 00:00:00 |a rbrito | ||
| 260 | |a Ciudad del Vaticano |b Libreria Editrice Vaticana |c 2008 | ||
| 650 | 7 | |a DERECHO CANONICO |2 CL-VaPUC |9 548070 | |
| 583 | |a last modification |c 20130325 06:04:59 |k Rodrigo Vera | ||
| 999 | |c 340182 |d 340180 | ||
| 952 | |0 0 |1 0 |4 0 |6 262_900000000000000_PON_2008 |7 0 |8 A |9 434720 |a BIBDER |b BIBDER |d 2019-11-22 |i 4656601 |o 262.9 PON 2008 |p 4656601 |r 2023-01-25 |w 2019-11-22 |y BK |k DER | ||